<?xml version="1.0" encoding="UTF-8"?>
<marc:record xmlns:marc="http://www.loc.gov/MARC21/slim">
   <marc:leader>00000nam a2200000 a 4500</marc:leader>
   <marc:datafield ind1="1" ind2=" " tag="100">
      <marc:subfield code="a">Weaver, Libby</marc:subfield>
      <marc:subfield code="4">aut</marc:subfield>
      <marc:subfield code="e">Verfasser/-in</marc:subfield>
   </marc:datafield>
   <marc:datafield ind1=" " ind2=" " tag="653">
      <marc:subfield code="a">ABNEHMEN</marc:subfield>
   </marc:datafield>
   <marc:datafield ind1=" " ind2=" " tag="653">
      <marc:subfield code="a">DIÄT</marc:subfield>
   </marc:datafield>
   <marc:datafield ind1=" " ind2=" " tag="653">
      <marc:subfield code="a">GESUND KOCHEN</marc:subfield>
   </marc:datafield>
   <marc:datafield ind1=" " ind2=" " tag="653">
      <marc:subfield code="a">GEWICHTSABNAHME</marc:subfield>
   </marc:datafield>
   <marc:datafield ind1=" " ind2=" " tag="653">
      <marc:subfield code="a">GLUTENFREI</marc:subfield>
   </marc:datafield>
   <marc:datafield ind1=" " ind2=" " tag="653">
      <marc:subfield code="a">PFLANZLICH ESSEN</marc:subfield>
   </marc:datafield>
   <marc:datafield ind1=" " ind2=" " tag="653">
      <marc:subfield code="a">SCHLANK BLEIBEN</marc:subfield>
   </marc:datafield>
   <marc:datafield ind1=" " ind2=" " tag="653">
      <marc:subfield code="a">STOFFWECHSELDIÄT</marc:subfield>
   </marc:datafield>
   <marc:datafield ind1=" " ind2=" " tag="653">
      <marc:subfield code="a">SÄURE-BASEN-HAUSHALT</marc:subfield>
   </marc:datafield>
   <marc:datafield ind1=" " ind2=" " tag="653">
      <marc:subfield code="a">Softcover / Ratgeber/Gesundheit/Ernährung</marc:subfield>
   </marc:datafield>
   <marc:datafield ind1=" " ind2=" " tag="653">
      <marc:subfield code="a">Kochbuch</marc:subfield>
   </marc:datafield>
   <marc:datafield ind1="0" ind2="0" tag="245">
      <marc:subfield code="a">Stoffwechsel-Kick</marc:subfield>
   </marc:datafield>
   <marc:datafield ind1="0" ind2="0" tag="245">
      <marc:subfield code="b">Power-Rezepte zum Abnehmen</marc:subfield>
   </marc:datafield>
   <marc:datafield ind1="0" ind2="0" tag="245">
      <marc:subfield code="c">Libby Weaver ; Übersetzung aus dem Englischen: Bettina Snowdon</marc:subfield>
   </marc:datafield>
   <marc:datafield ind1=" " ind2="1" tag="264">
      <marc:subfield code="a">Stuttgart</marc:subfield>
      <marc:subfield code="b">TRIAS</marc:subfield>
      <marc:subfield code="c">2016</marc:subfield>
   </marc:datafield>
   <marc:datafield ind1=" " ind2=" " tag="250">
      <marc:subfield code="a">1. Auflage</marc:subfield>
   </marc:datafield>
   <marc:datafield ind1="1" ind2=" " tag="520">
      <marc:subfield code="a">Angaben aus der Verlagsmeldung

Dr. Libby´s Stoffwechsel-Kick : Power-Rezepte zum Abnehmen Weaver, Stoffwechsel-Kick, A1, print / von Libby Weaver

Legen Sie den Stoffwechsel-Turbo ein!

Egal, ob man einige Kilos verlieren, sein Gewicht halten oder einfach "nur" etwas für die Gesundheit tun möchte: der Stoffwechsel ist Dreh- und Angelpunkt dafür! Damit er richtig funktioniert, braucht es keine strengen Diäten oder akribisches Kalorienzählen, sondern eine gesunde und ausgewogene Ernährung. Dr. Libby Weaver erklärt, welche einzelnen Bausteine zueinander kommen müssen, damit der Stoffwechsel in die Gänge kommt. Der Stoffwechsel-Kick füllt die Körperspeicher mit wertvollen Vitalstoffen.

Finden Sie hier die dazu passenden Rezepte für den ganzen Tag:
- 100% basisch
- ohne synthetischen Zucker
- ohne Gluten
- ohne Milchprodukte
- mit wenig Fleisch und Fisch
- reich an Ballaststoffen
- mit einem hohen Anteil Bitterstoffen
- mit viel Blattgrün.

So bekommt Ihr Stoffwechsel neuen Antrieb - unkompliziert und auf die leckere Art!
</marc:subfield>
   </marc:datafield>
   <marc:datafield ind1=" " ind2=" " tag="020">
      <marc:subfield code="a">9783432100180</marc:subfield>
      <marc:subfield code="9">9783432100180</marc:subfield>
   </marc:datafield>
   <marc:datafield ind1=" " ind2=" " tag="020">
      <marc:subfield code="a">3432100183</marc:subfield>
      <marc:subfield code="9">3432100183</marc:subfield>
   </marc:datafield>
   <marc:datafield ind1=" " ind2=" " tag="041">
      <marc:subfield code="a">ger</marc:subfield>
   </marc:datafield>
   <marc:datafield ind1=" " ind2=" " tag="300">
      <marc:subfield code="a">176 Seiten</marc:subfield>
   </marc:datafield>
</marc:record>
